Internet vecí v každodennom živote

Salvato in:
Dettagli Bibliografici
Autore principale: Rauchová, Michaela (Autore)
Altri autori: Kováčik, Tomáš (Relatore della tesi)
Natura: Manoscritto Libro
Lingua:slovacco
Pubblicazione: 2021
Soggetti:
Accesso online:http://is.stuba.sk/zp/portal_zp.pl?podrobnosti=148533
Tags: Aggiungi Tag
Nessun Tag, puoi essere il primo ad aggiungerne!!

MARC

LEADER 00000ntm a22000003a 4500
001 stuzp85521
003 SK-STU
005 20210626212613.4
007 ta
008 150427s2015----xo-----f-mn---000-0-slo-d
040 |a STU  |b slo 
041 0 |a slo 
100 1 |a Rauchová, Michaela  |u 070400  |4 aut  |U FIIT Fakulta informatiky a informačných technológií  |T FIIT Ústav počítačového inžinierstva a aplikovanej informatiky  |X 97023  |U I400  |Y 672  |7 97023 
242 0 1 |a Internet of Things in our daily life  |y eng 
245 1 0 |a Internet vecí v každodennom živote 
260 |c 2021 
650 4 |a sigfox  |2 slo 
650 4 |a monitorovanie  |2 slo 
650 4 |a internet vecí  |2 slo 
650 4 |a internet of things  |2 eng 
650 4 |a sigfox  |2 eng 
650 4 |a monitoring  |2 eng 
700 1 |a Kováčik, Tomáš  |u 070400  |k Z1  |4 ths  |U FIIT Fakulta informatiky a informačných technológií  |T FIIT Ústav počítačového inžinierstva a aplikovanej informatiky  |X 11781  |U I400  |Y 672  |7 11781 
856 4 |u http://is.stuba.sk/zp/portal_zp.pl?podrobnosti=148533